| 000 | 00703cam a22001571 4500 | ||
|---|---|---|---|
| 082 | 0 |
_a621.3 _bELE _cL-tech, P-55 |
|
| 100 | 1 |
_aFleming, J. A. _941143 |
|
| 245 | 1 | 4 |
_aThe electrical educator; _ba comprehensive, practical and authoritative guide for all engaged in the electrical industry, _cedited by Sir Ambrose Fleming ... assisted by a large number of specialist contributors ... |
| 250 | _a2d. ed. | ||
| 260 |
_aLondon, _aNew York [etc.] _bSir I. Pitman & sons, ltd., _c1931-1932. |
||
| 300 |
_a3 v. _bfront., illus., plates (part fold.) ports., diagrs. _c25 cm. |
||
| 500 | _aPaged continuously. | ||
| 526 |
_a0 _b0 _c0 _d621_300000000000000_ELE |
||
| 650 | 0 | _aElectrical engineering. | |
| 942 |
_2ddc _cBK |
||
| 999 |
_c545331 _d545331 |
||